Documents, presentations, and workbooks : (Record no. 76009)

MARC details
000 -LEADER
fixed length control field 00851nam a22002417a 4500
005 - DATE AND TIME OF LATEST TRANSACTION
control field 20130527121545.0
010 ## - LCCN (DPL NO)
LC control number ENG-107168
020 ## - INTERNATIONAL STANDARD BOOK NUMBER
International Standard Book Number 9788120347199
Terms of availability 895.00
035 ## - SYSTEM CONTROL NUMBER
System control number EN-90701
037 ## - SOURCE OF ACQUISITION
Source of stock number/acquisition DBAD/PUB
082 ## - DEWEY DECIMAL CLASSIFICATION NUMBER
Classification number 005.5
100 ## - MAIN ENTRY--PERSONAL NAME
Personal name Krieger, Stephanie
245 ## - TITLE STATEMENT
Title Documents, presentations, and workbooks :
Statement of responsibility, etc by Stephanie Krieger
Remainder of title using Microsoft Office to create content that gets noticed /
260 ## - PUBLICATION, DISTRIBUTION, ETC. (IMPRINT)
Place of publication, distribution, etc New Delhi
Name of publisher, distributor, etc PHI Learning
Date of publication, distribution, etc c2013
270 ## - ADDRESS
Address Rimjhim House,111, Patparganj Industrial Estate
City New Delhi
Postal code 110092
300 ## - PHYSICAL DESCRIPTION
Extent xxv,835p.:
Dimensions 25cm(pbk)
Other physical details ill.
500 ## - GENERAL NOTE
General note Includes index
650 ## - SUBJECT ADDED ENTRY--TOPICAL TERM
Topical term or geographic name as entry element Electronic spreadsheets
General subdivision Computer programs.
650 ## - SUBJECT ADDED ENTRY--TOPICAL TERM
Topical term or geographic name as entry element Presentation graphics software.
650 ## - SUBJECT ADDED ENTRY--TOPICAL TERM
Topical term or geographic name as entry element Word processing.
650 ## - SUBJECT ADDED ENTRY--TOPICAL TERM
Topical term or geographic name as entry element Business
General subdivision Computer programs.
942 ## - ADDED ENTRY ELEMENTS (KOHA)
Source of classification or shelving scheme Dewey Decimal Classification
Item type English Books
Call number suffix KRI
Classification part 005.5
Holdings
Withdrawn status Lost status Not for loan Collection code Home library Current library Date acquired Source of acquisition Cost, normal purchase price Full call number Barcode Copy number Cost, replacement price Koha item type
    Not For Loan Non-fiction D.B.Act.Division D.B.Act.Division 23/05/2013 DBAD / PUB 895.00 005.5 KRI EN-90701 1 895.00 English Books

© Delhi Public Library
Hit Counter
free hit counter